Statistics for Top 15 Countries with Covid-19 Cases - 2 May

Click here to take the quiz!

General Stats

  • This quiz has been taken 17 times
  • The average score is 18 of 23

Answer Stats

country% Correct
China
100%
France
100%
Germany
100%
Italy
100%
Russia
100%
Spain
100%
United Kingdom
100%
United States
100%
Belgium
94%
Belgium
94%
Iran
88%
Netherlands
88%
Portugal
88%
Sweden
88%
Brazil
81%
Canada
81%
Switzerland
69%
Turkey
63%
Ireland
56%
Singapore
44%
Peru
19%
Qatar
13%
Bahrain
6%

Score Distribution

Percentile by Number Answered

Percent of People with Each Score

Your Score History

You have not taken this quiz